000
00256 a2200109 4500
001
62883
082
_a
515.624STR
100
_a
Strang G
245
_a
Analysis of the Finite Element Method
250
_a
1
260
_a
NY
_b
Dover Publications Inc
_c
1977
942
_a
NUST-CAE
_k
515.624STR
999
_c
297956
_d
297956